| 000 | 00733nam a2200229Ia 4500 | ||
|---|---|---|---|
| 003 | GCL | ||
| 008 | 140319s9999 xx 000 0 ara d | ||
| 020 | _a9159232977 | ||
| 040 |
_aGCL / _cGCL |
||
| 082 | 0 | 4 |
_a370 _bم م |
| 100 | 1 | _aمحمد منير مرسى | |
| 245 | 1 | 0 |
_aالمرجع فى التربية المقارنة / _cمحمد منير مرسى |
| 260 |
_aالقاهرة : _bعالم الكتب الحديث ، _c1998 |
||
| 300 |
_a394 ص ؛ _c24 سم |
||
| 650 | 0 | 4 | _aالتعليم |
| 650 | 0 | 4 | _aالتربية |
| 650 | 0 | 4 | _aالتعليم الجامعى |
| 650 | 0 | 4 | _aتعليم النساء |
| 650 | 0 | 4 | _aالمدرسون - تدريب |
| 650 | 0 | 4 | _aالمدارس - تنظيم وادارة |
| 942 |
_2ddc _cBK |
||
| 999 |
_c5607 _d5607 |
||